000 00985nam a2200337 4500
001 00175798
003 DO-SdBNP
005 20171213082256.0
007 00175798
008 880907s1985 sp a 000 spa
016 7 _a
_z
_2BPMSU
017 _a
_b
020 _a84310199999
035 _a
040 _aBPMSU
_bspa
_cBPMSU
_e
041 1 _aspa
_h
080 0 _a
100 1 _aBonzon, Paul-Jacques
245 1 4 _aLos seis amigos y el perro actor de cine /
_h
_c Paul Jacques Bonzon ;traducción del francés, Consuelo G. de Ortega ; ilustraciones, Antonio Borrell
250 _a4ª ed.
260 _aBarcelona :
_bToray,
_c1985
300 _a170 p.:
_bil. ;
_c22 cm
490 0 _aLos Seis Amigos
_v13
500 _a
700 1 _aOrtega, Consuelo G. de
_etr.
700 1 _aBorrell, Antonio
_d1927-
_eil.
830 _aLos Seis Amigos
_p
_v6
942 _2ddc
_cBK
945 _ainventariado extrajero / DG
956 _a VMATEO
_210
_320160407
_6BPMSU
_80069
999 _c9629
_d9629